| 000 | 00631nam a2200193 a 4500 | ||
|---|---|---|---|
| 005 | 20230524063634.0 | ||
| 008 | 991125s1928 mx 000 0 spa u | ||
| 035 | _aUPN01000004399 | ||
| 049 | _aLT | ||
| 050 | 4 |
_aLB1589 M6.1 _bP5.2 |
|
| 100 | 1 | _aPichardo, J. Arturo | |
| 245 | 1 | 0 |
_aAritmética de la infancia : _bprimer ciclo / _cJ. Arturo Pichardo, Adelia Palacios. |
| 260 |
_aMéxico : _bSELFA, _c1928. |
||
| 300 |
_a173 p. : _bil. col. |
||
| 650 | 4 |
_aAritmética _xEstudio y enseñanza (Elemental) _95289 |
|
| 650 | 4 |
_aMatemáticas _xEstudio y enseñanza (Elemental) _92809 |
|
| 700 | 1 |
_aPalacios, Adelia, _ecoaut. |
|
| 905 | _aLibro | ||
| 999 |
_c4399 _d4399 |
||